Normal view MARC view
  • NIÑOS Y MUERTE

Entry Materia

Number of records used in: 9

001 - NÚMERO DE CONTROL DEL REGISTRO

  • campo de control: 542

003 - IDENTIFICADOR DE NUMERO DE CONTROL

  • campo de control: UPN

005 - FECHA Y HORA DE LA ÚLTIMA TRANSACCIÓN

  • campo de control: 20210219193604.0

008 - DATOS DE LONGITUD FIJA

  • campo de control de longitud fija: nabaccnnaabn|||||||||| b |nc|||||d

035 ## - NÚMERO DE CONTROL DEL SISTEMA

  • Número de control del sistema: UPN10000000542

040 ## - FUENTE DE LA CATALOGACIÓN

  • Lengua de catalogación: SPA
  • Agencia de transcripción: UPN

150 ## - ENCABEZAMIENTO - TEMÁTICO

  • Término de materia o nombre geográfico como elemento inicial: NIÑOS Y MUERTE

550 ## - VÉASE ADEMÁS - MATERIA

  • Encabezamiento temático o nombre geográfico como elemento de entrada: NIÑOS -
  • Subdivisión temática general: MUERTE

550 ## - VÉASE ADEMÁS - MATERIA

  • Encabezamiento temático o nombre geográfico como elemento de entrada: MORTALIDAD INFANTIL

670 ## - FUENTE EN LA QUE SE LOCALIZARON DATOS

  • Cita de la fuente: LC
  • Información localizada: Children and death

680 ## - NOTA GENERAL CON DESPLIEGUE PÚBLICO

  • Texto explicativo: Aquí se asientan los trabajos sobre las experiencias, conceptos y reacciones de los niños ante la muerte. Para trabajos que traten sobre la muerte de niños, se usa
  • Encabezamiento: NIÑOS - MUERTE.
  • Texto explicativo: Para las obras que traten de porcentaje y causas de la muerte de los niños, se utilizará el término:
  • Encabezamiento: MORTALIDAD INFANTIL

902 ## - CATALOGADOR

  • Catalogador: MEEG/160605